000 00360nam a22001457a 4500
008 250425b ||||| |||| 00| 0 eng d
020 _a9780312104115
041 _aeng
080 _21994
_a61GOR
082 _261GOR
_a61GOR
100 _a4
101 _aMJEKSI E PERGJITHSHME
245 _aTHE ALARMING HISTORY OF MEDICINE
_cRICHARD GORDON
942 _2udc
_cBK
999 _c60711
_d60711